| 000 | 00589nam a2200193 a 4500 | ||
|---|---|---|---|
| 001 | 11240 | ||
| 005 | 20180713195408.0 | ||
| 008 | 140415s1976 mx 000 0 spa d | ||
| 041 | _aspa | ||
| 082 |
_a332.46 _bBEN |
||
| 100 | 1 | _aBENETTI, CARLO | |
| 245 | 1 | 3 | _aLA ACUMULACION EN LOS PAISES CAPITALISTAS SUBDESARROLLADOS |
| 250 | _a1a ed. | ||
| 260 |
_aMEXICO : _bFONDO DE CULTURA ECONOMICA, _c1976 |
||
| 300 | _a237 | ||
| 490 | _aSECCION DE OBRAS DE ECONOMIA | ||
| 650 | 1 | 4 |
_aECONOMIA _xPOLITICA ECONOMICA _xSISTEMAS ECONOMICOS |
| 700 | 1 |
_aHERNANDEZ, MARIA ISABEL _etr. |
|
| 999 |
_c11240 _d11240 |
||